[Event "Wch U18"]
[Site "Singapore"]
[Date "1990.??.??"]
[Round "?"]
[White "Reinderman, Dimitri"]
[Black "Seres, Lajos"]
[Result "1-0"]
[WhiteElo "2225"]
[BlackElo "2400"]

1.e4 c5 2.Nc3 Nc6 3.Nge2 g6 4.d4 cxd4 5.Nxd4 Bg7 6.Nde2 Nf6 7.g3 O-O 8.Bg2 Rb8
9.a4 d6 10.O-O Nd7 11.h3 Nc5 12.Nd5 Bd7 13.Kh2 a6 14.Ra2 b5 15.axb5 axb5
16.Bd2 b4 17.b3 Bc8 18.Be3 Bb7 19.Qd2 Ba6 20.Rd1 Bxe2 21.Qxe2 Qc8 22.e5 Re8
23.exd6 exd6 24.Qc4 Ne6 25.Nb6 Ne5 26.Qxc8  1-0

[Event "URS-ch U20"]
[Site "Sochi"]
[Date "1990.??.??"]
[Round "?"]
[White "Petelin, A."]
[Black "Frolov, Artur"]
[Result "1/2-1/2"]
[WhiteElo "2330"]
[BlackElo "2475"]

1.e4 c5 2.Nc3 Nc6 3.Nge2 d6 4.d4 cxd4 5.Nxd4 e6 6.Be3 Nge7 7.Bc4 Nxd4 8.Qxd4 Nc6
9.Qd2 Be7 10.O-O-O a6 11.f4 b5 12.Bb3 Na5 13.e5 Nxb3+ 14.axb3 dxe5 15.Qf2 Qc7
16.Qg3 O-O 17.fxe5 f5  1/2-1/2

[Event "URS-ch U20"]
[Site "Sochi"]
[Date "1990.??.??"]
[Round "?"]
[White "Petelin, A."]
[Black "Kramnik, Vladimir"]
[Result "0-1"]
[WhiteElo "2330"]
[BlackElo "2490"]

1.e4 c5 2.Nf3 Nc6 3.Nc3 Nf6 4.Bb5 e5 5.Bxc6 dxc6 6.d3 Nd7 7.Ne2 b6 8.Ng3 g6
9.h4 h5 10.Be3 Bg7 11.Qd2 Nf8 12.O-O-O Bg4 13.Rdf1 Bxf3 14.gxf3 Ne6 15.Ne2 Qf6
16.Rh3 O-O-O 17.c3 Rd7 18.f4 exf4 19.Nxf4 Nxf4 20.Bxf4 Qe6 21.Re3 Qxa2 22.Kd1 Rhd8
23.Ke2 Qe6 24.Rg1 Be5 25.Bg5 f6 26.Bh6 g5 27.Qc2 Bf4 28.Rf3 Rxd3 29.Rxd3 Qxe4+
30.Kf1 Rxd3 31.hxg5 Qf3  0-1

[Event "BUL-FRA m"]
[Site "Sofia"]
[Date "1990.??.??"]
[Round "6"]
[White "Apicella, Manuel"]
[Black "Spasov, Vasil"]
[Result "1-0"]
[WhiteElo "2390"]
[BlackElo "2440"]

1.e4 c5 2.Nf3 Nc6 3.Nc3 Nf6 4.Bb5 g6 5.O-O Bg7 6.Re1 O-O 7.h3 d6 8.Nd5 Nxd5
9.exd5 Nd4 10.Nxd4 cxd4 11.a4 e5 12.a5 a6 13.Bc4 Bd7 14.d3 Rc8 15.Qd2 f5
16.Qb4 Qc7 17.Ra3 f4 18.f3 Rf5 19.Rb3 Rg5 20.g4 Qd8 21.Re2 h5 22.Rg2 hxg4
23.hxg4 Rc5 24.Qb6 Qf8 25.Qxb7 Bc8 26.Qb4 Bf6 27.Qe1 e4 28.Qxe4 Re5 29.Qxg6+ Bg7
30.Bd2 Qe7 31.Rf2 Qh4 32.Bxf4 Re1+ 33.Rf1 Rxa5 34.Ra3 Rxa3 35.bxa3 Re2 36.Qh5 Qe7
37.Rf2 Re1+ 38.Kg2 Ra1 39.Bd2 Rxa3 40.f4 Bd7 41.f5 Be8 42.Qh3 Be5 43.g5 Ra1
44.g6 Rd1 45.Qh5  1-0

[Event "BUL-FRA m"]
[Site "Sofia"]
[Date "1990.??.??"]
[Round "10"]
[White "Prie, Eric"]
[Black "Spasov, Vasil"]
[Result "1/2-1/2"]
[WhiteElo "2435"]
[BlackElo "2440"]

1.e4 c5 2.Nf3 Nc6 3.Nc3 Nf6 4.d4 cxd4 5.Nxd4 e5 6.Ndb5 d6 7.Bg5 a6 8.Na3 b5
9.Nd5 Be7 10.Nxe7 Qxe7 11.c4 Nd4 12.Nc2 Qb7 13.Nxd4 Nxe4 14.Be3 bxc4  1/2-1/2

[Event "JUG-Cup"]
[Site "Svetozarevo"]
[Date "1990.??.??"]
[Round "?"]
[White "Todorovic, Goran M"]
[Black "Zakic, Srdjan"]
[Result "1-0"]
[WhiteElo "2415"]
[BlackElo "2355"]

1.e4 c5 2.Nf3 Nc6 3.Nc3 Nf6 4.d4 cxd4 5.Nxd4 e5 6.Ndb5 d6 7.Nd5 Nxd5 8.exd5 Nb8
9.c4 Be7 10.Be2 a6 11.Nc3 O-O 12.O-O f5 13.f4 Nd7 14.Kh1 Bf6 15.Be3 exf4
16.Bxf4 Ne5 17.Rc1 Bd7 18.b4 b6 19.Be3 Bg5 20.Bxg5 Qxg5 21.Qd4 b5 22.c5 Rae8
23.a4 f4 24.Ne4 Qh6 25.Nxd6 Re7 26.Bf3 g5 27.Rce1 Nxf3 28.gxf3 Qh3 29.Qf2 Rg7
30.c6 g4 31.cxd7 g3 32.Qg2 Qxd7 33.Re6 Rg5 34.hxg3 Rxg3 35.Qh2 Qg7 36.Ne4 Rg6
37.Rxg6 hxg6 38.Ng5  1-0

[Event "JUG-Cup"]
[Site "Svetozarevo"]
[Date "1990.??.??"]
[Round "?"]
[White "Cabrilo, Goran"]
[Black "Strikovic, Aleksa"]
[Result "1/2-1/2"]
[WhiteElo "2480"]
[BlackElo "2465"]

1.e4 c5 2.Nc3 Nc6 3.Nf3 e5 4.Bc4 d6 5.d3 Be7 6.Nd5 Nf6 7.Ne3 b5 8.Bb3 Na5
9.O-O O-O 10.Re1 Re8 11.h3 Bf8 12.c4 a6 13.Bd2 Nxb3 14.Qxb3 Bd7 15.Qc2 h6
16.Nh2 Be6 17.b3 Nd7 18.Nf3 g6 19.cxb5  1/2-1/2

[Event "Tastrup"]
[Site "Tastrup"]
[Date "1990.??.??"]
[Round "4"]
[White "Berg, Klaus"]
[Black "Schandorff, Lars"]
[Result "1/2-1/2"]
[WhiteElo "2410"]
[BlackElo "2445"]

1.e4 c5 2.Nc3 Nc6 3.Nge2 e5 4.Nd5 Nge7 5.Nec3 Nxd5 6.Nxd5 g6 7.h4 h6 8.g3 Bg7
9.Bh3 Ne7 10.Nxe7 Qxe7 11.h5 g5 12.d3 O-O 13.c4 d6 14.Bxc8 Raxc8 15.g4 a6  1/2-1/2

[Event "Tel Aviv op"]
[Site "Tel Aviv"]
[Date "1990.??.??"]
[Round "?"]
[White "Gofshtein, Leonid D"]
[Black "Temanlis, Yoel"]
[Result "1-0"]
[WhiteElo "2445"]
[BlackElo "2220"]

1.e4 c5 2.Nf3 Nc6 3.Nc3 Nf6 4.d4 cxd4 5.Nxd4 Qb6 6.Nb3 e6 7.Bd3 d6 8.Qe2 a6
9.g4 h6 10.Be3 Qc7 11.O-O-O Bd7 12.f4 Nb4 13.g5 hxg5 14.fxg5 Nh5 15.g6 fxg6
16.e5 Nxd3+ 17.Qxd3 d5 18.Bg5 Kf7 19.Rhf1+ Kg8 20.Qxg6 Be8 21.Qxe6+ Bf7 22.Qf5 g6
23.Qf3 Rc8 24.Nd4 Qd7 25.Rde1 Ng7 26.Bf6 Rh3 27.Qg2 Rhxc3 28.bxc3 Ne6 29.Qh3  1-0

[Event "Toulouse op"]
[Site "Toulouse"]
[Date "1990.??.??"]
[Round "2"]
[White "Hebden, Mark"]
[Black "Van Dongen, Patrick"]
[Result "1-0"]
[WhiteElo "2530"]
[BlackElo "2275"]

1.e4 c5 2.Nc3 Nc6 3.Nf3 g6 4.d4 cxd4 5.Nxd4 Bg7 6.Be3 Nf6 7.Bc4 O-O 8.Bb3 Ng4
9.Qxg4 Nxd4 10.Qd1 Nxb3 11.axb3 b6 12.Bd4 Bb7 13.Bxg7 Kxg7 14.Qd4+ f6 15.O-O Qc8
16.Rfe1 d6 17.b4 Qc6 18.Nd5 Rf7 19.c4 e6 20.Nc3 a6 21.Rad1 Rd8 22.b3 Rfd7
23.Rd3 b5 24.cxb5 axb5 25.h4 Ra8 26.h5 g5 27.h6+ Kg6 28.Rh3 Ra3 29.Ree3 Ra1+
30.Kh2 Rf1 31.Qd2 Qc7 32.Qe2  1-0

[Event "Toulouse op"]
[Site "Toulouse"]
[Date "1990.??.??"]
[Round "5"]
[White "Beran, Josef"]
[Black "Bricard, Emmanuel"]
[Result "0-1"]
[WhiteElo "2270"]
[BlackElo "2375"]

1.e4 c5 2.Nc3 Nc6 3.Bb5 Nd4 4.a4 g6 5.Nge2 Bg7 6.O-O a6 7.Bc4 Nf6 8.d3 O-O
9.Nxd4 cxd4 10.Ne2 d5 11.exd5 Nxd5 12.Bg5 Re8 13.Qd2 b6 14.Rae1 Bb7 15.h4 Qd7
16.Bb3 Qc6 17.f3 Qd6 18.Rf2 Rac8 19.Bxd5 Bxd5 20.h5 Bb7 21.h6 Bh8 22.Nc1 e6
23.Rfe2 Rc5 24.Bf4 e5 25.c4 Rcc8 26.b4 Kf8 27.Bh2 f5 28.Nb3 f4 29.a5 g5 30.axb6 Qxb6
31.Na5 Rb8 32.c5 Qc7 33.Nc4 Re6 34.Nd6 Bd5 35.Qb2 a5 36.Rc1 axb4 37.Kf1 Rxh6
38.Bg1 Re6 39.Qd2 b3 40.Qb2 Bf6 41.Nf5 Rc6 42.Ra1 Rxc5 43.Nxd4 exd4 44.Bxd4 Rc2
45.Bxf6 Rxb2 46.Bxb2 Re8  0-1

[Event "Tuzla"]
[Site "Tuzla"]
[Date "1990.??.??"]
[Round "10"]
[White "Angelov, Georgi"]
[Black "Vasiljevic, Bozidar"]
[Result "1-0"]
[WhiteElo "2335"]
[BlackElo "2260"]

1.e4 c5 2.Nc3 Nc6 3.Nf3 g6 4.d4 cxd4 5.Nxd4 Bg7 6.Nde2 Nf6 7.g3 O-O 8.Bg2 d6
9.O-O Bd7 10.h3 Rc8 11.Be3 a6 12.Nd5 Nxd5 13.exd5 Ne5 14.b3 Be8 15.a4 Nd7
16.Ra2 a5 17.c4 Nc5 18.Bd4 Qc7 19.Bxg7 Kxg7 20.Nd4 e5 21.dxe6 fxe6 22.Rd2 e5
23.Nb5 Bxb5 24.axb5 Rcd8 25.Kh2 Rd7 26.Bd5 Rf6 27.Re2 g5 28.f4 gxf4 29.gxf4 Rxf4
30.Rg2+ Kh8 31.Re1 b6 32.Re3 Rd8 33.Reg3 Rff8 34.Qg1 Qc8 35.Qe3 Rf4 36.Rg7  1-0

[Event "Tuzla"]
[Site "Tuzla"]
[Date "1990.??.??"]
[Round "12"]
[White "Angelov, Georgi"]
[Black "Lisenko, Alexander V"]
[Result "0-1"]
[WhiteElo "2335"]
[BlackElo "2360"]

1.e4 c5 2.Nf3 Nc6 3.Nc3 Nf6 4.d4 cxd4 5.Nxd4 d6 6.Bg5 e6 7.Qd2 Be7 8.O-O-O O-O
9.f4 Nxd4 10.Qxd4 Qa5 11.Bc4 Bd7 12.e5 dxe5 13.fxe5 Bc6 14.h4 Rfd8 15.Qf4 Nh5
16.Qg4 Bxg5+ 17.hxg5 g6 18.Rde1 Qc5 19.Bd3 b5 20.Rh3 b4 21.Nd1 Rd4 22.Be4 Rc8
23.c3 Qc4 24.Nf2 Qxa2 25.cxd4 Bxe4+ 26.Kd2 Qxb2+ 27.Ke3 Bf5  0-1

[Event "Val Maubuee op"]
[Site "Val Maubuee"]
[Date "1990.??.??"]
[Round "?"]
[White "Kupreichik, Viktor D"]
[Black "Giffard, Nicolas"]
[Result "1-0"]
[WhiteElo "2490"]
[BlackElo "2320"]

1.e4 c5 2.Nf3 Nc6 3.Nc3 d6 4.d4 cxd4 5.Nxd4 Nf6 6.f4 e6 7.Be3 Bd7 8.Qf3 Nxd4
9.Bxd4 Bc6 10.O-O-O Qa5 11.Bc4 h5 12.Rhe1 O-O-O 13.f5 e5 14.Bf2 Rd7 15.Kb1 Kb8
16.Nd5 Nxd5 17.Bxd5 Bxd5 18.Rxd5 Qa6 19.Re3 b6 20.Red3 Rc7 21.b3 Qc8 22.c4 g6
23.Bh4 Rg8 24.h3 g5 25.Be1 g4 26.hxg4 Rxg4 27.Bb4 Qb7 28.Re3 Qc6 29.Qh3 Kb7
30.Re2 f6 31.Qxh5 Rcg7 32.Qh6 Be7 33.Qd2 Kc7 34.a4 Rh7 35.a5 Rh1+ 36.Kb2 Rhh4
37.Qd3 Rh8 38.Rd2 Rd8 39.axb6+ axb6 40.c5 bxc5 41.Bxc5 Qxc5 42.Rc2 Qxc2+
43.Qxc2+ Kd7 44.Qe2 Rdg8 45.Qb5+ Kc7 46.Qa5+ Kd7 47.Qa4+ Kd8 48.Ra5 Rxg2+
49.Kc3 R8g3+ 50.Kc4  1-0

[Event "Val Maubuee op"]
[Site "Val Maubuee"]
[Date "1990.??.??"]
[Round "?"]
[White "Apicella, Manuel"]
[Black "Sveshnikov, Evgeny"]
[Result "1/2-1/2"]
[WhiteElo "2390"]
[BlackElo "2515"]

1.e4 c5 2.Nf3 Nc6 3.Nc3 e5 4.Bc4 Be7 5.d3 d6 6.Nd5 Nf6 7.c3 O-O 8.O-O Be6
9.Nxf6+ Bxf6 10.Be3 Qe7 11.Nd2 Bg5 12.Qe2 Rad8 13.Bd5 Bxd5 14.exd5 Nd4 15.Bxd4 Bxd2
16.Qxd2 exd4 17.cxd4 Qf6 18.Qc3 Rc8  1/2-1/2

[Event "Val Thorens op"]
[Site "Val Thorens"]
[Date "1990.??.??"]
[Round "5"]
[White "Strzelecki, Krzysztof"]
[Black "Popchev, Milko"]
[Result "1/2-1/2"]
[WhiteElo "2415"]
[BlackElo "2400"]

1.e4 c5 2.Nf3 Nc6 3.Nc3 e5 4.Bc4 d6 5.d3 Be7 6.Nd5 Nf6 7.c3 Nxd5 8.Bxd5 O-O
9.O-O Bf6 10.Be3 Ne7 11.Bc4 b6 12.Qb3 Bb7 13.Bg5 Bxg5 14.Nxg5 d5 15.exd5 Bxd5
16.Rae1 Bxc4 17.Qxc4 Ng6 18.Nf3 Qf6 19.Re3 h6 20.Rfe1 Rae8 21.Qg4 Qd6 22.Qf5 Qd5
23.c4 Qc6 24.h4 Re6 25.h5 Ne7 26.Qh3 Qa4  1/2-1/2

[Event "Vienna op"]
[Site "Vienna"]
[Date "1990.??.??"]
[Round "7"]
[White "Podlesnik, Bogdan"]
[Black "Gschnitzer, Oswald"]
[Result "1/2-1/2"]
[WhiteElo "2350"]
[BlackElo "2440"]

1.e4 c5 2.Nc3 Nc6 3.Nf3 d6 4.d4 cxd4 5.Nxd4 Nf6 6.f3 e5 7.Nb3 Be7 8.Be3 O-O
9.Qd2 a5 10.Bb5 Be6 11.Nd5 Bxd5 12.exd5 Na7 13.Be2 a4 14.Nc1 Qc7 15.c4 b5
16.b3 bxc4 17.bxc4 Nc8 18.Rb1 Rb8 19.Rxb8 Qxb8 20.O-O Bd8 21.Kh1 Bb6 22.Bg5 Nd7
23.Nd3 f6 24.Bh4 Ne7 25.Rb1 Qa7 26.Nb4 Rc8 27.Nc6 Nxc6 28.dxc6 Nc5 29.Bf2 Qc7
30.Qd5+ Kh8 31.Rd1 Qxc6 32.Qxd6 Ne4 33.fxe4 Qxd6 34.Rxd6 Bxf2 35.Ra6 h5 36.g3 h4
37.Kg2 hxg3 38.hxg3 Bd4 39.Rxa4 Rb8 40.Ra6 Rb2 41.Kf3  1/2-1/2

[Event "Vladivostok op"]
[Site "Vladivostok"]
[Date "1990.??.??"]
[Round "?"]
[White "Kozlov, Vladimir N"]
[Black "Ivanov, Timur"]
[Result "1-0"]
[WhiteElo "2375"]
[BlackElo "2375"]

1.e4 c5 2.Nf3 Nc6 3.Nc3 d6 4.d4 cxd4 5.Nxd4 Nf6 6.Bc4 Qb6 7.Nb3 e6 8.Bg5 Bd7
9.O-O Be7 10.Bxf6 gxf6 11.Qh5 Ne5 12.Be2 Rg8 13.Kh1 O-O-O 14.a4 Rg5 15.Qh3 Rg7
16.a5 Qc7 17.a6 b6 18.f4 Ng6 19.Bb5 Kb8 20.Ra4 Bxb5 21.Nxb5 Qxc2 22.N5d4 Qxe4
23.Rc4 Nxf4 24.Nc6+ Qxc6 25.Rfxf4 Qd7 26.Nd4 Rc8 27.Qc3 Rxc4 28.Qxc4 d5 29.Qc6 Qc8
30.Qb5 Bc5 31.Nc6+ Ka8 32.b4 Bd6 33.Rxf6 Qd7 34.Rh6 Rg8 35.Nxa7 Qxa7 36.Qc6+ Kb8
37.Qxd6+ Qc7 38.a7+ Kb7 39.Qxc7+ Kxc7 40.Rxh7 d4 41.Kg1 Kc6 42.Rxf7 Rh8 43.g4 Kd5
44.g5 Ke4 45.Kf2 d3 46.g6 Rd8 47.Rd7 Rf8+ 48.Ke1 Ke3 49.g7 Rc8 50.Kd1 e5
51.h4 e4 52.h5 Kf2 53.Rxd3 exd3 54.Kd2 Kf3 55.Kxd3  1-0

[Event "Vladivostok op"]
[Site "Vladivostok"]
[Date "1990.??.??"]
[Round "?"]
[White "Landa, Konstantin"]
[Black "Ivanov, Timur"]
[Result "1-0"]
[WhiteElo "2445"]
[BlackElo "2305"]

1.e4 c5 2.Nc3 Nc6 3.Nf3 d6 4.d4 cxd4 5.Nxd4 Nf6 6.Be2 e5 7.Nf3 h6 8.O-O Be7
9.Re1 O-O 10.h3 Be6 11.Bf1 Nb8 12.Nb1 Qc7 13.b3 Qc6 14.Qe2 Nbd7 15.c4 a6
16.Bb2 Nc5 17.Nc3 Rfe8 18.Rac1 Rab8 19.Ba3 Bc8 20.b4 Ne6 21.Qe3 b6 22.Red1 Qa8
23.Nd5 Nxd5 24.cxd5 Nd4 25.Qd3 Nxf3+ 26.Qxf3 Bd7 27.Rc7 Rb7 28.Rdc1 b5 29.Be2 Qb8
30.Qc3 Bd8 31.Rxb7 Qxb7 32.Bg4 Bxg4 33.hxg4 Bb6 34.Qc6 Qb8 35.Kf1 Rd8 36.Rc2 Qa7
37.Bc1 Kh7 38.Qc3 Rd7 39.Be3 Bxe3 40.fxe3 g6 41.Kf2 Kg7 42.Kf3 Kh7 43.Qc8 Kg7
44.Rc6 a5 45.Ra6 Rc7 46.Rxa7 Rxc8 47.Rxa5 Rc2 48.a3 Ra2 49.Ra6 Kf8 50.Rxd6 Rxa3
51.Rb6 Ra2 52.Rxb5 Rb2 53.d6 Ke8 54.Rxe5+ Kd7 55.Re7+ Kxd6 56.Rxf7 Rxb4 57.Rf6+ Ke5
58.Rxg6 Rb8 59.Rxh6 Rb3 60.g5 Rxe3+ 61.Kg4 Rxe4+ 62.Kh5  1-0

[Event "Vladivostok op"]
[Site "Vladivostok"]
[Date "1990.??.??"]
[Round "?"]
[White "Landa, Konstantin"]
[Black "Kozlov, Vladimir N"]
[Result "1/2-1/2"]
[WhiteElo "2445"]
[BlackElo "2375"]

1.e4 c5 2.Nc3 Nc6 3.Nf3 e5 4.Bc4 Be7 5.O-O Nf6 6.d3 O-O 7.Ng5 h6 8.Nh3 d6
9.f4 Bg4 10.Qe1 Bxh3 11.gxh3 exf4 12.Bxf4 Nh5 13.Be3 Bg5 14.Kh1 Ne5 15.Bb3 Qd7
16.Bxg5 hxg5 17.Qe3 Nf4 18.Qg3 Qxh3 19.Qxg5 Ne6 20.Qg3 Qxg3 21.hxg3 Nd4 22.Nd5 Rae8
23.Rad1 Nec6 24.c3 Nxb3 25.axb3 f5 26.exf5 Re5 27.Nf4 Rexf5 28.Kg2 Ne5 29.Rfe1 g5
30.Nh3 Rf3 31.Re2 Ng4 32.Rde1 Rxd3 33.Nxg5 Ne5 34.Rh1 Ng4 35.Rh4 Ne3+ 36.Kh3 Rf1
37.Ne4 Rh1+ 38.Rh2 Rxh2+ 39.Kxh2 b6 40.Rf4 d5 41.Nf6+ Kg7 42.b4 Rd2+ 43.Kh3 Rxb2
44.bxc5 bxc5 45.Rf3 Re2 46.Nh5+ Kh6 47.g4 d4 48.cxd4 cxd4 49.Ng3 Ra2 50.Rf6+ Kh7
51.Rd6 Ra3 52.Kh4 Ng2+ 53.Kh3 Nf4+ 54.Kh4 Ng2+ 55.Kh3 Ne3 56.Kh4 d3 57.Rd7+ Kg6
58.Nh5 Ra4 59.Rd6+ Kf7 60.Rxd3 Rxg4+ 61.Kh3 Re4 62.Kg3 Re7 63.Kf3 Nc4 64.Rd1 Ne5+  1/2-1/2

[Event "Vladivostok op"]
[Site "Vladivostok"]
[Date "1990.??.??"]
[Round "?"]
[White "Labunskiy, D."]
[Black "Isupov, Vladimir"]
[Result "1/2-1/2"]
[WhiteElo "2340"]
[BlackElo "2315"]

1.e4 c5 2.Nc3 Nc6 3.Nge2 g6 4.d4 cxd4 5.Nxd4 Bg7 6.Nb3 Nf6 7.Be2 d6 8.O-O O-O
9.Re1 Re8 10.Bf1 Bd7 11.Bg5 Rc8 12.Nd5 Nxd5 13.exd5 Na5 14.Nxa5 Qxa5 15.c3 Bb5
16.Bxb5 Qxb5 17.Qb3 Qd7 18.Re3 e5 19.dxe6 fxe6 20.Rae1 d5 21.Bf4 Rc4 22.Be5 Bxe5
23.Rxe5 b5 24.Qd1 b4 25.cxb4 Rxb4 26.Qd2 Rb6 27.h4 d4 28.h5 d3 29.hxg6 hxg6
30.R1e3 Qd4 31.Qxd3 Qxd3 32.Rxd3 Rxb2 33.Rd7 Rxa2 34.Rg5 Kf8 35.Rxg6 Re7
36.Rg8+ Kxg8 37.Rxe7 Ra6 38.Kh2 Kf8 39.Rb7 Ra3 40.f3 e5 41.Rb5 e4 42.fxe4 Ke7
43.e5 Ke6  1/2-1/2

[Event "Warsaw"]
[Site "Warsaw"]
[Date "1990.??.??"]
[Round "5"]
[White "Tischbierek, Raj"]
[Black "Cvitan, Ognjen"]
[Result "1-0"]
[WhiteElo "2440"]
[BlackElo "2525"]

1.e4 c5 2.Nc3 Nc6 3.Nge2 e6 4.d4 d5 5.exd5 exd5 6.dxc5 Nf6 7.Be3 Bg4 8.h3 Bxe2
9.Qxe2 Be7 10.O-O-O O-O 11.Qb5 d4 12.Ne2 dxe3 13.Rxd8 Rfxd8 14.fxe3 Ne4 15.Nc3 Ng3
16.Qxb7 Bxc5 17.Qxc6 Bxe3+ 18.Kb1 Nxh1 19.Qf3 Bd4 20.Bc4 Rab8 21.Bb3 Kh8
22.a4 f6 23.Ne4 Re8 24.g4 Re5 25.Ka2  1-0

[Event "Washington op"]
[Site "Washington"]
[Date "1990.??.??"]
[Round "?"]
[White "Thomas, Ian"]
[Black "Rind, Bruce"]
[Result "1/2-1/2"]
[WhiteElo "2345"]
[BlackElo "2395"]

1.e4 c5 2.Nf3 Nc6 3.Nc3 g6 4.g3 Bg7 5.Bg2 d6 6.O-O e6 7.d3 Nge7 8.Be3 Nd4
9.Qd2 O-O 10.Bh6 e5 11.Bxg7 Kxg7 12.Nh4 Be6 13.Ne2 Qd7 14.c3 Nxe2+ 15.Qxe2 Nc6
16.f4 f6 17.Qe3 Rae8 18.a3 a5 19.Nf3 Bg4 20.Nd2 Bh3 21.Nc4 Bxg2 22.Kxg2 Qd8
23.Qf3 exf4 24.gxf4 f5 25.exf5 Rxf5 26.Ne3 Rf7 27.Rae1 Ref8 28.Nd5 Ne7 29.Nxe7 Rxe7
30.Rxe7+ Qxe7 31.Qe4 Qd7 32.h3 Qf7 33.Qf3 Qd7 34.Rf2 Rf5 35.Qe3 Qf7 36.Kg3 h6  1/2-1/2

[Event "Werfen"]
[Site "Werfen"]
[Date "1990.??.??"]
[Round "5"]
[White "Fahrner, Kurt"]
[Black "Zimmermann, Heinz"]
[Result "1-0"]
[WhiteElo "2290"]
[BlackElo "2300"]

1.Nf3 c5 2.e4 Nc6 3.Nc3 g6 4.d4 cxd4 5.Nxd4 Bg7 6.Be3 d6 7.Qd2 Nf6 8.f3 O-O
9.O-O-O d5 10.exd5 Nxd5 11.Nxc6 bxc6 12.Bc4 Rb8 13.Bd4 e5 14.Bc5 Qh4 15.Nxd5 Qxc4
16.Bxf8 Bxf8 17.Nf6+ Kg7 18.Nh5+ Kh8 19.Qa5 Bf5 20.Rd2 Qb5 21.Qxb5 cxb5 22.Ng3 Bh6
23.Nxf5 Bxd2+ 24.Kxd2 gxf5 25.f4 Rg8 26.Rg1 exf4 27.Ke2 Kg7 28.Kf3 Rd8 29.Re1 Rd4
30.Re5 Rd2 31.Rxf5 Rxc2 32.Rxb5 Kf6 33.a4 a5 34.b3 Kg6 35.h3 f6 36.Kxf4 Rxg2
37.Rxa5 Rf2+ 38.Kg3 Rd2 39.Rb5 Rd3+ 40.Kg2 f5 41.a5 Kg5 42.Rb4 Kf6 43.a6 Rd8
44.a7 Ra8 45.Rb7 h6 46.b4 Ke6 47.b5  1-0

[Event "Xanthi"]
[Site "Xanthi"]
[Date "1990.??.??"]
[Round "2"]
[White "Radulov, Ivan"]
[Black "Skembris, Spyridon"]
[Result "1/2-1/2"]
[WhiteElo "2425"]
[BlackElo "2470"]

1.e4 c5 2.Nc3 Nc6 3.Nf3 g6 4.d4 cxd4 5.Nxd4 Bg7 6.Be3 Nf6 7.Nxc6 bxc6 8.e5 Nd5
9.Nxd5 cxd5 10.Qxd5 Rb8 11.Bxa7 Rxb2 12.Bd4 Rxc2 13.Bd3 e6 14.Qa8 Rc6 15.Bb5 Ra6
16.Bxa6 Qa5+ 17.Kf1 O-O 18.Qa7 Bxa6+ 19.Kg1 Bxe5 20.h4 Qd5 21.Bxe5 Bb7 22.Rh2 Qxe5
23.Rd1 Bc6 24.Qd4 Qxd4 25.Rxd4 Ra8 26.Rd2 Bd5 27.Rh3 Rxa2 28.Rxa2 Bxa2 29.Rd3 Bd5
30.f4 h5 31.Kf2 Kg7 32.g3 Kf6  1/2-1/2

[Event "Aarhus op"]
[Site "Aarhus"]
[Date "1991.??.??"]
[Round "1"]
[White "Hoiberg, Nina"]
[Black "Sogaard, Soren"]
[Result "1/2-1/2"]
[WhiteElo "2295"]
[BlackElo "2335"]

1.e4 c5 2.Nf3 Nc6 3.Nc3 Nf6 4.Bb5 Nd4 5.e5 Nxb5 6.Nxb5 Nd5 7.O-O a6 8.Nc3 Nxc3
9.dxc3 d5 10.exd6 Qxd6 11.Qe2 Bg4 12.Qe4 Bxf3 13.Qxf3 Qc6 14.Qxc6+ bxc6 15.c4 g6
16.Be3 e6 17.Rad1 Rd8 18.Rxd8+ Kxd8 19.Rd1+ Kc8 20.Rd3 Be7 21.Rb3 Rd8 22.Kf1 Kc7
23.Ke2 Bd6 24.Ra3 Kb7 25.h3 f6 26.Rd3 Kc8 27.Rb3 Kc7 28.Ra3 Kb7 29.g4 e5
30.Rb3+ Kc7 31.Ra3 Kb7  1/2-1/2

[Event "Aarhus op"]
[Site "Aarhus"]
[Date "1991.??.??"]
[Round "2"]
[White "Petersen, F."]
[Black "Peicheva Hansen, Evgenia"]
[Result "0-1"]
[WhiteElo "2275"]
[BlackElo "2200"]

1.e4 c5 2.Nf3 Nc6 3.Nc3 e5 4.g3 d6 5.Bg2 g6 6.O-O Bg7 7.d3 Nge7 8.Bd2 O-O
9.Nh4 Nd4 10.Ne2 d5 11.c3 Nxe2+ 12.Qxe2 Re8 13.Rad1 Be6 14.Bg5 f6 15.Bc1 Qa5
16.a3 Qa6 17.exd5 Bxd5 18.Bxd5+ Nxd5 19.Qe4 Rad8 20.g4 Re7 21.c4 Nc7 22.Be3 Ne6
23.Nf3 Rf7 24.Rfe1 f5 25.gxf5 gxf5 26.Qh4 Bf6 27.Qh5 Ng7 28.Qh3 Rfd7 29.Ng5 Bxg5
30.Bxg5 Qg6 31.Qh4 Rd4 32.Qh6 Rg4+ 33.Kf1 Rxg5 34.Qxg6 hxg6 35.Rxe5 b6 36.Re7 Rg4
37.Rxa7 Rxc4 38.Re1 Rcd4 39.Ree7 Nh5 40.Rab7 Rxd3 41.Rxb6 Nf4 42.Rc6 Rd1+
43.Re1 Kf7  0-1

[Event "JUG-Cup qual"]
[Site "Arandjelovac"]
[Date "1991.??.??"]
[Round "1"]
[White "Popovic, Mladen"]
[Black "Ivkov, Borislav"]
[Result "0-1"]
[WhiteElo "2345"]
[BlackElo "2485"]

1.e4 c5 2.Nf3 Nc6 3.Nc3 g6 4.Be2 Bg7 5.O-O d6 6.d3 Nf6 7.Bg5 h6 8.Bh4 Rb8
9.a3 O-O 10.Nd2 Nd4 11.f4 b5 12.Nf3 Bb7 13.Bf2 Ng4 14.h3 Nxf2 15.Rxf2 b4
16.axb4 cxb4 17.Na4 Bc6 18.Kh2 Qa5 19.Ra2 Bxa4 20.b3 Qb6 21.Rxa4 Nb5 22.Qe1 Nc3
23.Ra1 Nxe4 24.dxe4 Bxa1 25.Bd3 Bg7 26.Rf1 Rbc8 27.Qg3 Rc3 28.Nd2 Rfc8 29.Nc4 R8xc4
30.bxc4 b3 31.cxb3 Qxb3 32.Rf3 a5 33.Be2 a4 34.e5 Rxf3 35.Bxf3 a3 36.e6 Qxc4
37.exf7+ Qxf7 38.Bd1 a2  0-1

[Event "Asuncion"]
[Site "Asuncion"]
[Date "1991.??.??"]
[Round "7"]
[White "Salazar, Hernan"]
[Black "Soppe, Guillermo"]
[Result "1/2-1/2"]
[WhiteElo "2390"]
[BlackElo "2420"]

1.e4 c5 2.Nc3 Nc6 3.Nge2 d6 4.d4 cxd4 5.Nxd4 Nf6 6.Be2 e5 7.Nf3 h6 8.O-O Be7
9.Re1 O-O 10.h3 Be6 11.Bf1 Nb8 12.b3 Nbd7 13.Bb2 a6 14.a4 Rc8 15.Nd2 Rc5
16.Nc4 Nb6 17.Ba3 Rc8 18.Nxb6 Qxb6 19.Nd5 Nxd5 20.exd5 Bf5 21.Bd3 Bd7 22.a5 Qd8
23.c4 f5 24.Bf1 Rf6 25.b4 Rg6 26.Qb3 Kh8 27.c5 e4 28.Rac1 Bb5 29.Bxb5 axb5
30.c6 bxc6 31.Rxc6 Rxc6 32.dxc6 d5 33.Rc1 Bd6 34.Qd1 Qg5 35.Qf1 Qf4 36.g3 e3
37.Kh1 Qe4+ 38.Qg2 Qd3 39.c7 Bxc7 40.Rxc7 exf2 41.Qxf2 Qxa3 42.Kh2 Qxb4 43.h4 f4
44.Qxf4 Qxf4 45.gxf4 Ra6 46.Rd7 Rxa5 47.Rxd5 Ra2+ 48.Kg3 b4 49.Rb5 Rb2 50.h5 Rb1
51.Rb8+ Kh7 52.Kh3 b3 53.Kg2 g5 54.Rb7+ Kh8 55.fxg5 hxg5 56.Rb5 g4 57.Rb4 b2
58.Rb7  1/2-1/2

[Event "AUT-chT"]
[Site "?"]
[Date "1991.??.??"]
[Round "?"]
[White "Roth, Peter"]
[Black "Lenz, Alarich"]
[Result "1/2-1/2"]
[WhiteElo "2320"]
[BlackElo "2245"]

1.e4 c5 2.Nf3 Nc6 3.Nc3 e5 4.Bb5 d6 5.O-O Be7 6.Nd5 Nf6 7.c3 O-O 8.Re1 a6
9.Bxc6 bxc6 10.Nxe7+ Qxe7 11.d3 Ne8 12.Qa4 Bd7 13.Be3 f5 14.exf5 Rxf5 15.Qh4 Qxh4
16.Nxh4 Rh5 17.g3 Nf6 18.f3 Nd5 19.Ng2 Rf5 20.f4 exf4 21.Nxf4 Re8  1/2-1/2

[Event "AUT-chT"]
[Site "?"]
[Date "1991.??.??"]
[Round "?"]
[White "Roth, Peter"]
[Black "Topakian, Raffi"]
[Result "1/2-1/2"]
[WhiteElo "2320"]
[BlackElo "2255"]

1.e4 c5 2.Nf3 Nc6 3.Nc3 g6 4.d4 cxd4 5.Nxd4 Bg7 6.Be3 Nf6 7.Nb3 O-O 8.Be2 b6
9.f4 d6 10.O-O Bb7 11.Bf3 e5 12.Qe1 Re8 13.Rd1 exf4 14.Bxf4 Ne5 15.Qh4 Nc4
16.Bg5 h6 17.Bxh6 Nxe4 18.Qxd8 Raxd8 19.Bxg7 Kxg7 20.Nxe4 Bxe4 21.Bxe4 Rxe4
22.Nd2 Nxd2 23.Rxd2 f5 24.Rfd1 Re6 25.Kf2 Kf6 26.Rd3 Rh8 27.h3 Rc8 28.c3 Ke7
29.Rd4 Rc5 30.Rh4 Kf6 31.Rh7 Ra5 32.a3 Ra4 33.Rd7 Ke5 34.Rd2 a6 35.Re2+ Re4
36.Ra7 a5 37.Rd2 d5 38.Rd7 Rd6 39.Re7+ Re6 40.Rd7 Rd6 41.Re7+  1/2-1/2

[Event "URS-chT"]
[Site "Azov"]
[Date "1991.??.??"]
[Round "?"]
[White "Galdunts, Sergey"]
[Black "Brodsky, Michail"]
[Result "1-0"]
[WhiteElo "2445"]
[BlackElo "2310"]

1.e4 c5 2.Nc3 Nc6 3.Nge2 d6 4.g3 g6 5.Bg2 Bg7 6.d3 e6 7.h4 h5 8.Be3 Nd4 9.O-O Ne7
10.Rb1 Nec6 11.a3 a5 12.f4 O-O 13.Kh1 a4 14.Ng1 b5 15.Nce2 Ra6 16.c3 Nb3
17.Nf3 d5 18.e5 d4 19.Bf2 Qd7 20.Ng5 Bb7 21.Ne4 Ne7 22.cxd4 cxd4 23.Nc1 Nxc1
24.Rxc1 Nf5 25.g4 hxg4 26.Qxg4 Bxe4 27.Bxe4 Kh7 28.h5 Rh8 29.hxg6+ fxg6 30.Kg2 Bh6
31.Bxd4 Rg8 32.Rh1 Raa8 33.Bxf5 exf5 34.Rxh6+  1-0

[Event "URS Spartakiada (Women)"]
[Site "Azov"]
[Date "1991.??.??"]
[Round "2"]
[White "Semenova, Lidia K"]
[Black "Sergeeva, Tatyana"]
[Result "1-0"]
[WhiteElo "2300"]
[BlackElo "2230"]

1.e4 c5 2.Nf3 Nc6 3.Nc3 g6 4.Bb5 Bg7 5.O-O Nd4 6.Nxd4 cxd4 7.Ne2 Qa5 8.Bc4 Nf6
9.d3 d5 10.Bd2 Qc7 11.exd5 Nxd5 12.Ng3 O-O 13.Ne4 Qc6 14.Qf3 Nf6 15.Nxf6+ Bxf6
16.Qxc6 bxc6 17.Bb4 a5 18.Bc5 a4 19.b4 Bd7 20.f4 Rfe8 21.a3 Rab8 22.Rae1 Bf5
23.Rf2 h5 24.Rff1 Kg7 25.h3 h4 26.Re2 Rb7 27.Bd6 Rd8 28.Be5 Kf8 29.Kf2 Rdd7
30.Ba6 Ra7 31.Bc8 Rd5 32.Bxf5 gxf5 33.Rfe1 Rd8 34.g3 hxg3+ 35.Kxg3 Kg7 36.Bxf6+ Kxf6
37.Re5 Rg8+ 38.Kh2 e6 39.Rc5 Ra6 40.Ree5 Ke7 41.Ra5 Rb6 42.Rxa4 f6 43.Re2 Kd6
44.Ra7 e5 45.Rf7 Ke6 46.Rh7 Kd5 47.fxe5 Re8 48.Rd7+ Ke6 49.Rd6+ Ke7 50.Rxd4 Ra8
51.exf6+ Kxf6 52.Rd6+ Kg5 53.Kg3 f4+ 54.Kf3 Kf5 55.Ree6 Rxa3 56.Rf6+ Ke5
57.Kg4 Rxb4 58.Rfe6+  1-0